Trowels versus bulldozers (Record no. 70995)
[ view plain ]
| 000 -LEADER | |
|---|---|
| fixed length control field | 01199cam a2200229 4500 |
| 001 - CONTROL NUMBER | |
| control field | ABS65875 |
| 008 - FIXED-LENGTH DATA ELEMENTS--GENERAL INFORMATION | |
| fixed length control field | 020823n2002 000 0 eng u |
| 035 ## - SYSTEM CONTROL NUMBER | |
| System control number | (Sirsi) u119416 |
| 100 ## - MAIN ENTRY--PERSONAL NAME | |
| Personal name | Pugh-Smith, J |
| 245 ## - TITLE STATEMENT | |
| Title | Trowels versus bulldozers |
| 260 ## - PUBLICATION, DISTRIBUTION, ETC. | |
| Date of publication, distribution, etc. | 2002 |
| 490 ## - SERIES STATEMENT | |
| Series statement | Estates Gazette |
| Volume/sequential designation | (0230) 27 July 2002, 122-123(2) |
| 520 ## - SUMMARY, ETC. | |
| Summary, etc. | Describes the clash between archaeologists and developers. In England there are about 600 000 sites and monoments with 13 000 enjoying special protection as a 'scheduled monument'. Archaeologists are responsible for assessing, excavating and where necessary, preserving any historic remains found before or during development, while developers face additional costs from the delay and excavation and may even find their project stopped. Looks at the issues that face developers and how they should approach a planning application with any archaeological implications. Includes glossary of archaeological terms in the planning process. |
| 590 ## - LOCAL NOTE (RLIN) | |
| Local note | ABS |
| 650 ## - SUBJECT ADDED ENTRY--TOPICAL TERM | |
| Topical term or geographic name entry element | ARCHAEOLOGY |
| 650 ## - SUBJECT ADDED ENTRY--TOPICAL TERM | |
| Topical term or geographic name entry element | PLANNING APPLICATIONS |
| 650 ## - SUBJECT ADDED ENTRY--TOPICAL TERM | |
| Topical term or geographic name entry element | DEVELOPERS |
| 650 ## - SUBJECT ADDED ENTRY--TOPICAL TERM | |
| Topical term or geographic name entry element | DEVELOPMENTS |
| 650 ## - SUBJECT ADDED ENTRY--TOPICAL TERM | |
| Topical term or geographic name entry element | PPG16 |
| 690 ## - LOCAL SUBJECT ADDED ENTRY--TOPICAL TERM (OCLC, RLIN) | |
| Topical term or geographic name as entry element | Planning and development |
| 9 (RLIN) | 6259 |
| 942 ## - ADDED ENTRY ELEMENTS (KOHA) | |
| Suppress in OPAC | 0 |
| Withdrawn status | Lost status | Source of classification or shelving scheme | Damaged status | Not for loan | Home library | Current library | Shelving location | Date acquired | Total Checkouts | Full call number | Barcode | Date last seen | Copy number | Price effective from | Koha item type |
|---|---|---|---|---|---|---|---|---|---|---|---|---|---|---|---|
| Dewey Decimal Classification | London | London | Journal article | 23/08/2002 | ABS65875 | 119416-1001 | 06/08/2019 | 1 | 06/08/2019 | Journal article |